000 00363nam a2200145 a 4500
008 980515s1972||||xx 0 und c
040 _aSNK
_bslo
_cSNK
_eAACR2
100 1 _aFiguli, Margita
245 1 0 _aPokušenie mámivý dúšok
260 _aBratislava
_bSlovenský spisovateľ
_c1972
300 _a515 s.
020 _c29
044 _axo
_cSK
041 _aslo
999 _c10645
_d10645